| 000 | 00424nam a22001457a 4500 | ||
|---|---|---|---|
| 999 |
_c9200 _d9200 |
||
| 003 | GBCCL | ||
| 005 | 20241126110707.0 | ||
| 008 | 220531b ||||| |||| 00| 0 eng d | ||
| 040 | _cgbc | ||
| 082 |
_aSOU MUA _b2021 |
||
| 245 |
_aEBCC BYF, Mualpheng Golden Jubilee souvenir : _bcelebrating 50 years 1971-2021 |
||
| 260 |
_aMualpheng : _bGolden jubilee souvenir editorial board, _c2021. |
||
| 300 | _a74p. ; | ||
| 942 |
_2ddc _cARCH |
||